Ligue 1 Top Scorer in 21C - Sudden Death - Statistics

General Stats
  • This quiz has been taken 72 times
    7 since last reset
  • The average score is 4 of 11
Answers on the Grid
Answers color-coded by a green-red scale on the quiz's grid according to % correct below.
Alexandre Lacazette
André-Pierre Gignac
Bafetimbi Gomis
Bradley Barcola
Eden Hazard
Edinson Cavani
Florian Thauvin
Folarin Balogun
Jonathan David
Karim Benzema
Kevin Gameiro
Kylian Mbappé
Lisandro Lopez
Mario Balotelli
Mason Greenwood
Memphis Depay
Moussa Dembélé
Moussa Sow
Nenê
Neymar
Nicolas Pepe
Olivier Giroud
Ousmane Dembélé
Pierre-Emerick Aubameyang
Radamel Falcao
Wissam Ben Yedder
Zlatan Ibrahimovic
 
Answer Stats
Answer % Correct
Alexandre Lacazette
100%
Edinson Cavani
75%
Kylian Mbappé
75%
André-Pierre Gignac
50%
Zlatan Ibrahimovic
50%
Karim Benzema
25%
Olivier Giroud
25%
Ousmane Dembélé
25%
Mason Greenwood
0%
Moussa Sow
0%
Nenê
0%
No matching quizzes found
Score Distribution
Percent of People with Each Score
Percentile by Number Answered
Your Score History
You have not taken this quiz since the last reset